Feel fit, come alive / (Record no. 65054)

000 -LEADER
fixed length control field 00885pam a2200301 i 4500
001 - CONTROL NUMBER
control field 1809992
003 - CONTROL NUMBER IDENTIFIER
control field NUST - PNEC
005 - DATE AND TIME OF LATEST TRANSACTION
control field 20170116180905.0
008 - FIXED-LENGTH DATA ELEMENTS--GENERAL INFORMATION
fixed length control field 790502s1979 enka b 001 0 eng
010 ## - LIBRARY OF CONGRESS CONTROL NUMBER
LC control number 79040439
015 ## - NATIONAL BIBLIOGRAPHY NUMBER
National bibliography number GB79
020 ## - INTERNATIONAL STANDARD BOOK NUMBER
International Standard Book Number 0192175831
040 ## - CATALOGING SOURCE
Original cataloging agency DLC
Transcribing agency LIBRARY
Modifying agency DLC
050 00 - LIBRARY OF CONGRESS CALL NUMBER
Classification number GV481
Item number .F37
082 00 - DEWEY DECIMAL CLASSIFICATION NUMBER
Classification number 613.71 PON
100 ## - MAIN ENTRY--PERSONAL NAME
9 (RLIN) 6556
Personal name Pontefract, Roger
245 00 - TITLE STATEMENT
Title Feel fit, come alive /
Statement of responsibility, etc. edited by Roger Pontefract ; medical adviser, Ken Kingsbury.
260 ## - PUBLICATION, DISTRIBUTION, ETC.
Place of publication, distribution, etc. Oxford ;
-- New York :
Name of publisher, distributor, etc. Oxford University Press,
Date of publication, distribution, etc. 1979.
300 ## - PHYSICAL DESCRIPTION
Extent ix, 134 p. :
Other physical details ill. ;
Dimensions 26 cm.
500 ## - GENERAL NOTE
General note Includes index.
504 ## - BIBLIOGRAPHY, ETC. NOTE
Bibliography, etc. note Bibliography: p. 123-128.
650 #0 - SUBJECT ADDED ENTRY--TOPICAL TERM
Topical term or geographic name entry element Physical fitness.
Form subdivision General
650 #0 - SUBJECT ADDED ENTRY--TOPICAL TERM
Topical term or geographic name entry element Exercise.
650 #0 - SUBJECT ADDED ENTRY--TOPICAL TERM
Topical term or geographic name entry element Sports.
700 1# - ADDED ENTRY--PERSONAL NAME
Personal name Pontefract, Roger.
906 ## - LOCAL DATA ELEMENT F, LDF (RLIN)
a 7
b cbc
c orignew
d 1
e ocip
f 19
g y-gencatlg
942 ## - ADDED ENTRY ELEMENTS (KOHA)
Source of classification or shelving scheme
Koha item type Book
Holdings
Withdrawn status Lost status Source of classification or shelving scheme Damaged status Not for loan Permanent Location Current Location Shelving location Date acquired Total Checkouts Full call number Barcode Date last seen Price effective from Koha item type
          Pakistan Navy Engineering College (PNEC) Pakistan Navy Engineering College (PNEC)       613.71 PON PNECLIB-006712 09/02/2015   Book
© 2023 Central Library, National University of Sciences and Technology. All Rights Reserved.